00602nam a2200193Ia 4500003000900000008004100009020001600050040001600066080002400082245009400106260003300200300001400233650002800247650004100275650002500316650001700341700002200358700002800380IN-BaIIA211028s9999 xx 000 0 eng d a306-30389-8 cIIA Library a047.1:535.33bDEV-9 0aDevelopments in applied spectroscopybvol. 9cedited by E. L. Grove and Alfred J. Perkins aNew YorkbPlenum Pressc1971 aix, 453p. aAbsorption spectroscopy aAstronomy and Astrophysics Thesaurus aOptical spectroscopy aSpectroscopy aGrove, E. L., ed. aPerkins, Alfred J., ed.